000 00567nam a22001577a 4500
003 OSt
005 20150910154950.0
008 150910b xxu||||| |||| 00| 0 eng d
040 _cRUA
082 _aADR នួន​ 1995 B011 Or.
100 _9260
_aនួន​ សំណាង
245 _aSTUDY OF BASED FARMING SYTEMES IN PURSAT PROVINCE សិក្សាលក្ខណៈគ្រឹះប្រព័ន្ធកសិកម្មខេត្ដពោធិសាត់
260 _aPhnom Penh
_bRUA
_c1995
300 _a86p.
_bill.
_c29cm.
942 _2ddc
_cAGR
999 _c240
_d240